Manhattan neighborhoods - Statistics

General Stats
  • This quiz has been taken 48 times
  • The average score is 19 of 64
Answer Stats
Hint Answer % Correct
Most iconic park in the world! Central Park
84%
Chinese neighborhood. Chinatown
82%
In Uptown and it's on the West Side. Upper West Side
68%
"Dead in the middle of...", an Italian neighborhood. Little Italy (NoLIta)
66%
In Uptown and it's on the East Side. Upper East Side
66%
"The Village." Greenwich Village
63%
Home of the African-American culture in New York City. Harlem
63%
Central Manhattan. Midtown
63%
The district known for many slaughterhouses. Meatpacking District
55%
West of "The Village". West Village
53%
South of the street that separates Midtown and Downtown. SoHo
50%
Named after an oddly shaped building. Flatiron District
47%
Triangle Below Canal Street. TriBeCa
47%
Has two bridges. Two Bridges
47%
Named after the way the avenues were named. Alphabet City
42%
"Cash Rules Everything Around Me!" Financial District
42%
A square named named after the said river. Hudson Square
42%
Named after the first American president. Washington Heights
42%
Gritty and iconic neighborhood in Midtown. Hell's Kitchen (Clinton)
39%
Northernmost neighborhood of Manhattan. Inwood
37%
A square named after the greatest American president. Lincoln Square
37%
North of the street that separates Midtown and Downtown. NoHo
37%
Rail roads turned into a park. The Highline
37%
Built on reclaimed land, Downtown. Battery Park City
34%
Literally means "The Neighborhood" in Spanish. Spanish Harlem (El Barrio)
34%
09.11.2001. Never forget. World Trade Center
34%
Known for a popular market. Chelsea
32%
Columbia University is here! Morningside Heights
32%
The city hall's here! Civic Center
29%
While located in the Bronx, it is a part of Manhattan. Marble Hill
29%
Most iconic neighborhood in the world! Theater District (Times Square)
29%
Has a private park of the same name. Gramercy
26%
Named after Bloemendaal, the Netherlands! Bloomingdale District
24%
Named after a mansion Andrew Carnegie commissioned to build. Carnegie Hill
24%
East of the above. Midtown East
24%
Originally named Nut Island! Governors Island
21%
Named after the river west of the neighborhood. Hudson Heights
21%
Used to be part of UES. Lenox Hill
21%
A square located in the intersection point of two major streets, Broadway and Park Avenue South. Union Square
21%
Home of the world-renowned St. Mark's Place! East Village
18%
North of Madison Square Park. NoMad
18%
Named after the most badass American president. Roosevelt Island
18%
A massive (and comfortable) cooperative housing complex on the East Side. Stuyvesant Town / Peter Cooper Village
18%
The 7th Ave is commonly referred to by this neighborhood's name. Fashion District (Garment District)
16%
The Williamsburg Bridge starts here. Lower East Side
16%
"The Valley." Manhattan Valley
13%
South of the above but doesn't border them. Midtown South
13%
Former fort during the Revolutionary War. Fort George
11%
A battle in 1776 happened here. Kips Bay
11%
Formerly known as West Harlem. Manhattanville
11%
The Morgan Library & Museum is located in this neighborhood. Murray Hill
8%
Used to be 2 islands now united! Randalls and Wards Islands
8%
Takes its name after a museum of art. Metropolitan Hill
5%
Pier 15. South Street Seaport
5%
Also a street! The Bowery
5%
Surrounded by Turtle Bay and Murray Hill. Tudor City
5%
Highest concentration of public houses in New York City! East Harlem
3%
"The Grange." Hamilton Heights
3%
I guess the Baruch College is here? Rose Hill
3%
The UN HQ is here. Turtle Bay
3%
German-speaking immigrants began to settle in the area, they referred to it as "Deutschdorf" or "German Village". Yorkville
3%
Houses the tallest residential building in the world! Hudson Yards
0%
Got its name from the wealthy African-American residents who lived there during the late XIX-XX centuries. Sugar Hill
0%
Takes its name from an exclusive riverside enclave. Sutton Place
0%
No matching quizzes found
Score Distribution
Percent of People with Each Score
Percentile by Number Answered
Your Score History
You have not taken this quiz